[Event "Timisoara (Women)"]
[Site "Timisoara"]
[Date "1994.??.??"]
[Round "8"]
[White "Grabuzova, Tatiana"]
[Black "Shumiakina, Tatiana"]
[Result "1/2-1/2"]
[WhiteElo "2380"]
[BlackElo "2330"]

1.d4 d5 2.c4 e6 3.Nf3 c6 4.e3 Nf6 5.Nc3 Nbd7 6.Qc2 Bd6 7.g4 dxc4 8.Bxc4 b5
9.Bd3 Bb7 10.g5 Nd5 11.Nxd5 cxd5 12.Bd2 a6 13.Bxh7 e5 14.Bf5 e4 15.Ne5 Bxe5
16.dxe5 Nxe5 17.f4 Nf3+ 18.Ke2 g6 19.Bg4 d4 20.Qc5 Qd5 21.Bb4 Qxc5 22.Bxc5 d3+
23.Kf2 Rxh2+ 24.Kg3 f5 25.Bxf3 Rxh1 26.Bxh1 a5 27.a3 Rc8 28.b4 axb4 29.axb4 Ra8
30.Rxa8+ Bxa8 31.Kf2 Kd7 32.Bg2 Ke6 33.Ke1 Kd5 34.Kd2  1/2-1/2

[Event "Timisoara (Women)"]
[Site "Timisoara"]
[Date "1994.??.??"]
[Round "11"]
[White "Grabuzova, Tatiana"]
[Black "Skripchenko, Almira"]
[Result "1-0"]
[WhiteElo "2380"]
[BlackElo "2270"]

1.d4 d5 2.c4 c6 3.Nf3 Nf6 4.Nc3 e6 5.e3 Nbd7 6.Qc2 Bd6 7.g4 Nxg4 8.Rg1 Nxh2
9.Nxh2 Bxh2 10.Rxg7 Qh4 11.Bd2 Nf8 12.Rg2 Ng6 13.O-O-O Bd6 14.Kb1 Qd8 15.e4 dxe4
16.Nxe4 Be7 17.Bc3 O-O 18.Qd2 f5 19.Ng5 Bxg5 20.Rxg5 f4 21.Rg1 e5 22.Bd3 Bf5
23.Bxf5 Rxf5 24.Qc2 Qf8 25.dxe5 Qf7 26.Qe4 Re8 27.Rd6 Qf8 28.c5 Qf7 29.e6 Kf8
30.Re1  1-0

[Event "Timisoara (Women)"]
[Site "Timisoara"]
[Date "1994.??.??"]
[Round "13"]
[White "Shumiakina, Tatiana"]
[Black "Mihai, Narcisa"]
[Result "1-0"]
[WhiteElo "2330"]
[BlackElo "2010"]

1.Nf3 d5 2.c4 c6 3.e3 Nf6 4.Nc3 e6 5.d4 Nbd7 6.Bd3 dxc4 7.Bxc4 b5 8.Be2 a6
9.e4 b4 10.e5 bxc3 11.exf6 cxb2 12.fxg7 bxa1=Q 13.gxh8=Q Qa5+ 14.Nd2 Q5xa2
15.O-O Bb7 16.Bc4 Qa4 17.Nb3 Qc3 18.Bxe6 fxe6 19.Bg5 Nf6 20.Qxf6  1-0

[Event "Tiraspol"]
[Site "Tiraspol"]
[Date "1994.??.??"]
[Round "3"]
[White "Savon, Vladimir A"]
[Black "Nesterov, Jakov"]
[Result "1/2-1/2"]
[WhiteElo "2435"]
[BlackElo "2460"]

1.d4 Nf6 2.c4 c6 3.Nc3 d5 4.Nf3 e6 5.e3 Nbd7 6.Qc2 Bd6 7.Be2 O-O 8.O-O b6
9.Rd1 Bb7 10.a3 c5 11.dxc5 bxc5 12.Rb1 Rc8 13.b4 Qe7 14.b5 Rfd8 15.a4 Nb6
16.cxd5 exd5 17.Bb2 Bb8 18.a5 Nbd7 19.Qf5 Nf8 20.a6 Ba8 21.Bd3 Qe8 22.Qh3 Bd6
23.Nh4 g6 24.Nf3 Rb8 25.Bf1 N8d7 26.Ng5 h5 27.Ne2 Bf8 28.Nf4 Bg7 29.Bc3 c4
30.Bd4 Ne5 31.Bxa7 Rxb5 32.Bd4 Neg4 33.Qg3 Bh6 34.h3 Bxg5 35.hxg4 hxg4 36.a7 Qd7
37.Rxb5 Qxb5 38.Nh3 Ne4 39.Qxg4 Bf6 40.Nf4 Bxd4 41.Rxd4 Qb6 42.Bxc4 Nf6 43.Qd1 Qxa7
44.Bxd5 Bxd5 45.Nxd5 Nxd5 46.Rxd5 Rxd5 47.Qxd5 Qa1+ 48.Kh2 Qe1 49.Qd8+ Kg7
50.Qd4+ Kg8  1/2-1/2

[Event "Tiraspol"]
[Site "Tiraspol"]
[Date "1994.??.??"]
[Round "4"]
[White "Tseitlin, Mikhail S"]
[Black "Arbakov, Valentin"]
[Result "1/2-1/2"]
[WhiteElo "2440"]
[BlackElo "2575"]

1.Nf3 d5 2.d4 Nf6 3.c4 c6 4.Nc3 e6 5.e3 Nbd7 6.Bd3 dxc4 7.Bxc4 b5 8.Bd3 Bb7
9.O-O Be7 10.a3 a5 11.e4 b4 12.e5 bxc3 13.exf6 Bxf6 14.bxc3 O-O 15.Rb1 Ba6
16.c4 c5 17.Qc2 cxd4 18.Bxh7+  1/2-1/2

[Event "Four Nations Team U20"]
[Site "Tjele"]
[Date "1994.??.??"]
[Round "1"]
[White "Schneider, Stefan"]
[Black "Pedersen, Daniel Vesterbaek"]
[Result "1/2-1/2"]
[WhiteElo "2240"]
[BlackElo "2235"]

1.d4 d5 2.c4 c6 3.Nc3 Nf6 4.e3 e6 5.Nf3 Bd6 6.Bd3 O-O 7.e4 dxe4 8.Nxe4 Nxe4
9.Bxe4 Nd7 10.O-O Re8 11.Bg5 Be7 12.Bxe7 Qxe7 13.Bc2 c5 14.Qd3 Nf6 15.dxc5 Qxc5
16.Qc3 b6 17.Rac1 Bb7 18.Ne5 Red8 19.b4 Qd4 20.Qxd4 Rxd4 21.Rfd1 Rad8 22.f3 Kf8
23.Kf2 Ke7 24.Rxd4 Rxd4 25.Ke3 Rh4 26.h3 Ne8 27.Bd3 Nc7 28.a3 f6 29.Ng4 Rh5
30.Nf2 g5 31.Be4 Bxe4 32.Nxe4 f5 33.Nd2 e5 34.c5 Nd5+ 35.Kf2 Nf4 36.Rc3 Rh6
37.cxb6 axb6 38.Nf1 Rd6 39.Rc7+ Rd7 40.Rc6 b5 41.Rh6 Ne6 42.Ne3 Nd4 43.Rxh7+ Ke6
44.Rh6+ Kf7 45.Rh7+ Ke6 46.Rxd7 Kxd7 47.g4 f4 48.Nd5 Nc2 49.Ke2 Nd4+ 50.Kf2 Nc2
51.Nc3 Nxa3 52.Ke2 Nc2 53.Nxb5 Nxb4 54.Nc3 Nc2 55.Kd3 Nd4 56.Ke4 Ke6 57.Na4  1/2-1/2

[Event "Four Nations Team U20"]
[Site "Tjele"]
[Date "1994.??.??"]
[Round "3"]
[White "Martanen, Janne"]
[Black "Johansen, Morten"]
[Result "1/2-1/2"]
[WhiteElo "2125"]
[BlackElo "2170"]

1.d4 d5 2.c4 e6 3.Nc3 Nf6 4.Nf3 c6 5.e3 Nbd7 6.Bd3 Bd6 7.O-O O-O 8.e4 dxc4
9.Bxc4 e5 10.Bg5 Re8 11.Qb3 Qe7 12.dxe5 Nxe5 13.Nxe5 Bxe5 14.f4 Bxc3 15.bxc3 b5
16.Bxf6 bxc4  1/2-1/2

[Event "SVK-ch"]
[Site "Topolcianky"]
[Date "1994.??.??"]
[Round "7"]
[White "Priehoda, Vitezslav"]
[Black "Vavra, Pavel"]
[Result "1/2-1/2"]
[WhiteElo "2400"]
[BlackElo "2390"]

1.d4 d5 2.c4 c6 3.Nf3 Nf6 4.Nc3 e6 5.e3 Nbd7 6.Qc2 Bd6 7.g4 dxc4 8.Bxc4 b5
9.Bd3 h6 10.Rg1 Bb7 11.h4 b4 12.Ne4 Nxe4 13.Bxe4 Qc7 14.Bd2 Nf6 15.Bd3 c5
16.Ne5 Bxe5 17.dxe5 Qxe5 18.g5 Ne4 19.f4 Qd5 20.Bxe4 Qxe4 21.Qxc5 a5 22.Rc1 Qd3
23.gxh6 Rd8 24.Qc2 Rxh6 25.Qxd3 Rxd3 26.Rc7 Rd7 27.Rxd7  1/2-1/2

[Event "US National op"]
[Site "?"]
[Date "1994.??.??"]
[Round "?"]
[White "Browne, Walter S"]
[Black "Shabalov, Alexander"]
[Result "1-0"]
[WhiteElo "2535"]
[BlackElo "2600"]

1.d4 d5 2.c4 c6 3.Nf3 Nf6 4.Nc3 e6 5.e3 Nbd7 6.Qc2 Bd6 7.Bd3 O-O 8.O-O dxc4
9.Bxc4 b5 10.Be2 Re8 11.Rd1 Qc7 12.h3 e5 13.b3 a6 14.Bb2 exd4 15.Nxd4 Bb7
16.Nf5 Bf8 17.Nd5 Nxd5 18.Rxd5 Re6 19.Rad1 Nb6 20.R5d4 c5 21.Rg4 Rg6 22.a4 Bc6
23.axb5 axb5 24.Bf3 Bxf3 25.gxf3 Qc6 26.Bxg7 Qxf3 27.Bxf8 Rxg4+ 28.hxg4 Rxf8
29.Nh6+ Kh8 30.Rd6 Nc8 31.Ra6 Ne7 32.Qxc5 Ng6 33.Qd4+ f6 34.Nf5 Kg8 35.Rxf6 Qb7
36.Nh6+  1-0

[Event "Val Thorens Principal"]
[Site "Val Thorens"]
[Date "1994.??.??"]
[Round "8"]
[White "Barsov, Alexei"]
[Black "Gaudineau, Eric"]
[Result "1-0"]
[WhiteElo "2425"]
[BlackElo "2190"]

1.d4 d5 2.c4 c6 3.Nc3 Nf6 4.e3 e6 5.Nf3 Nbd7 6.Qc2 Bd6 7.g4 Nxg4 8.Rg1 Nh6
9.e4 dxe4 10.Nxe4 Bb4+ 11.Bd2 Bxd2+ 12.Qxd2 Nf6 13.Bd3 Nf5 14.O-O-O O-O 15.Qf4 Nxe4
16.Bxe4 Qf6 17.Rg2 Rd8 18.h4 Qh6 19.Rg5 f6 20.Bxf5 exf5 21.Rxg7+ Kxg7 22.Rg1+ Qg6
23.h5 Qxg1+ 24.Nxg1 Be6 25.Nf3 Rd7 26.b3 Rad8 27.Kb2 Re7 28.Nh4 Red7 29.h6+ Kf8
30.Nxf5 Bxf5 31.Qxf5 Rf7 32.Kc3 Rdd7 33.Qc5+ Rde7 34.Qxa7 Rd7 35.Qb8+ Ke7
36.Qf4 Kf8 37.a4 Ke7 38.a5 Kd8 39.Kb4 Kc8 40.Qf5 Kc7 41.Kc3 Kb8 42.Qc5 Rc7
43.Qb6 Kc8 44.a6 bxa6 45.Qxa6+ Kd7 46.d5  1-0

[Event "Vantaa op2"]
[Site "Vantaa"]
[Date "1994.??.??"]
[Round "2"]
[White "Manninen, Marko"]
[Black "Kokkila, Tero"]
[Result "1/2-1/2"]
[WhiteElo "2375"]
[BlackElo "2235"]

1.d4 d5 2.c4 c6 3.Nc3 Nf6 4.Nf3 e6 5.e3 Nbd7 6.Bd3 dxc4 7.Bxc4 b5 8.Bd3 b4
9.Na4 Bb7 10.e4 c5 11.e5 Nd5 12.O-O a6 13.Be3 Rc8 14.Rc1 Be7 15.Qe2 Qa5 16.Nxc5 Nxc5
17.dxc5 Nxe3 18.Qxe3 Rxc5 19.Rxc5 Bxc5 20.Qg5 g6 21.Qh6 Bf8 22.Qf4 Bg7 23.Be4 Bxe4
24.Qxe4 O-O 25.Re1 Rb8 26.Qc4 Qb5 27.Re4 Qxc4 28.Rxc4 b3 29.axb3 Rxb3 30.Rc2 Rb5
31.Re2 a5 32.h4 f6 33.Nd4 Rxe5 34.Rxe5 fxe5 35.Nb3 e4 36.Nxa5 Bxb2 37.Nc4 Bd4
38.Kf1 Kg7  1/2-1/2

[Event "Vantaa op2"]
[Site "Vantaa"]
[Date "1994.??.??"]
[Round "6"]
[White "Kanko, Ilkka"]
[Black "Koskinen, Henri"]
[Result "1-0"]
[WhiteElo "2320"]
[BlackElo "2275"]

1.d4 d5 2.c4 c6 3.Nf3 Nf6 4.Nc3 e6 5.e3 Nbd7 6.Qc2 Bd6 7.Be2 O-O 8.O-O e5
9.Rd1 e4 10.Nd2 Re8 11.Nf1 Nf8 12.cxd5 cxd5 13.Bd2 a6 14.Rac1 Be6 15.Qb3 b5
16.a3 Ng6 17.Na2 Ng4 18.Be1 Qg5 19.Rc6 Bb8 20.Nb4 Nh4 21.Ng3 Nxg2 22.Kxg2 Qh4
23.Bxg4 Bxg4 24.f4 exf3+ 25.Kg1 f2+ 26.Bxf2 Bf3 27.Rd2 Qh3 28.Be1 h5 29.Nxd5 h4
30.Nf6+ Kh8 31.Qxf7 Bxg3 32.Bxg3 hxg3 33.Nxe8 Qg4 34.h3  1-0

[Event "Velden op"]
[Site "Velden"]
[Date "1994.??.??"]
[Round "4"]
[White "Kozul, Zdenko"]
[Black "Palac, Mladen"]
[Result "1-0"]
[WhiteElo "2575"]
[BlackElo "2495"]

1.d4 d5 2.c4 c6 3.e3 Nf6 4.Nc3 e6 5.Nf3 Nbd7 6.Bd3 dxc4 7.Bxc4 b5 8.Bd3 a6
9.e4 c5 10.d5 Qc7 11.O-O Bb7 12.Re1 c4 13.dxe6 fxe6 14.e5 O-O-O 15.Bd2 Ng4
16.Be4 Bc5 17.Bxb7+ Kxb7 18.Ne4 Ngxe5 19.a4 Rhf8 20.Nfg5 Qb6 21.Re2 h6 22.Ba5 Qxa5
23.Nxe6 Qb6 24.Qd5+ Nc6 25.axb5 Qxb5 26.Rd1 Be7 27.Nd6+ Bxd6 28.Qxd6 Qb6
29.Qg3 Rde8 30.Rxd7+ Ka8 31.Nc7+  1-0

[Event "Vienna op"]
[Site "Vienna"]
[Date "1994.??.??"]
[Round "3"]
[White "Kaplan, Lael"]
[Black "Blatny, Pavel"]
[Result "1/2-1/2"]
[WhiteElo "2195"]
[BlackElo "2500"]

1.c4 e6 2.Nf3 d5 3.e3 Nf6 4.d4 c6 5.Nc3 Nbd7 6.Bd3 dxc4 7.Bxc4 b5 8.Bd3 Bb7
9.a3 a5 10.O-O b4 11.Na4 c5 12.dxc5 Bxc5 13.Nxc5 Nxc5 14.Bb5+ Ke7 15.axb4 Qxd1
16.Rxd1 Nb3 17.Ra3 Rhd8 18.Nd4 Nxd4 19.Rxd4 axb4 20.Rxd8 bxa3 21.Rxa8 axb2
22.Bxb2 Bxa8 23.f3 g6  1/2-1/2

[Event "LTU-ch  Vilnius"]
[Site "Vilnius"]
[Date "1994.??.??"]
[Round "1"]
[White "Slekys, Emilis"]
[Black "Grabliauskas, Virginijus"]
[Result "1/2-1/2"]
[WhiteElo "2380"]
[BlackElo "2340"]

1.d4 d5 2.c4 e6 3.Nc3 c6 4.Nf3 Nf6 5.e3 Nbd7 6.Bd3 dxc4 7.Bxc4 b5 8.Bd3 Bb7
9.O-O a6 10.a4 b4 11.Ne4 c5 12.Nxf6+ Nxf6 13.Qe2 cxd4 14.Nxd4 Bd6 15.Rd1 O-O
16.h3 Ne4 17.Nf3 Qe7 18.Bd2 Rfd8 19.Be1 a5 20.Bc4 Rac8 21.Nd2 Qg5 22.f4 Qe7
23.Nxe4 Bxe4 24.b3 e5 25.Bg3 exf4 26.Bxf4 Be5 27.Rxd8+ Rxd8 28.Rd1 Bc3 29.Rxd8+ Qxd8
30.Qg4 Bb7 31.Qf5 Bf6 32.Qc2 g5 33.Bg3 Kg7 34.Kh2 h5 35.Bf2 h4 36.Qe2 Qd6+
37.Kh1 Qd7 38.Kg1 Qc6 39.Qg4 Be7 40.Bf1 Qc3 41.Qd7 Qe5 42.Qxb7 Bd6 43.Bc4 Qa1+
44.Bf1 Qe5 45.Be1 Qxe3+ 46.Bf2 Qe5 47.g3 hxg3 48.Bb6 Bc5+ 49.Bxc5 Qxc5+ 50.Kh1 Qc2
51.Qg2 Qxb3 52.Qd2 Qxa4 53.Qxg5+ Kf8 54.Qc5+ Kg8 55.Qc8+ Kg7 56.Qg4+ Kf8
57.Qxg3 Qd1 58.Qb8+ Kg7 59.Qe5+ Kg8 60.Kg1 b3 61.Qg5+  1/2-1/2

[Event "Vladivostok"]
[Site "Vladivostok"]
[Date "1994.??.??"]
[Round "2"]
[White "Ryskin, Alexander"]
[Black "Yakovich, Yuri"]
[Result "1/2-1/2"]
[WhiteElo "2515"]
[BlackElo "2515"]

1.d4 d5 2.c4 e6 3.Nf3 Nf6 4.Nc3 c6 5.e3 Nbd7 6.Bd3 dxc4 7.Bxc4 b5 8.Be2 Bb7
9.O-O a6 10.e4 c5 11.e5 Nd5 12.a4 b4 13.Ne4 Qc7 14.a5 h6 15.Re1 Be7 16.dxc5 Nxc5
17.Nxc5 Bxc5 18.Bd3 O-O 19.Qe2 Rfd8 20.Bd2 Ne7 21.Rec1  1/2-1/2

[Event "Vladivostok"]
[Site "Vladivostok"]
[Date "1994.??.??"]
[Round "8"]
[White "Zayac, Elena"]
[Black "Sveshnikov, Evgeny"]
[Result "1/2-1/2"]
[WhiteElo "2325"]
[BlackElo "2585"]

1.d4 d5 2.c4 e6 3.Nc3 Nf6 4.Nf3 c6 5.e3 Nbd7 6.Bd3 dxc4 7.Bxc4 b5 8.Bd3 b4
9.Ne4 Nxe4 10.Bxe4 Qb6 11.O-O Ba6 12.Re1 Rc8 13.a3 bxa3 14.bxa3 Be7 15.Bd2 O-O
16.Rb1 Qc7 17.Qa4 Bb5 18.Qc2 Nf6 19.Bb4 c5 20.Bxc5 Bxc5 21.Rxb5 Bxa3 22.Qxc7 Rxc7
23.Bd3 a5 24.g3 Ra8 25.Ra1 Rc1+ 26.Rxc1 Bxc1 27.Bc2 h6 28.Ne5 Bd2 29.Rb7 Nd5
30.Nxf7 a4 31.Nd8 Rxd8 32.Bxa4 Rc8 33.Bb3 Nc7 34.Rb6 Re8 35.Rb7 Ba5 36.Ra7 Bb6
37.Rb7 Ba5 38.Ra7 Bb6  1/2-1/2

[Event "Vladivostok"]
[Site "Vladivostok"]
[Date "1994.??.??"]
[Round "8"]
[White "Chekhov, Valery A"]
[Black "Yakovich, Yuri"]
[Result "1/2-1/2"]
[WhiteElo "2490"]
[BlackElo "2515"]

1.d4 d5 2.Nf3 Nf6 3.c4 e6 4.Nc3 c6 5.e3 Nbd7 6.Bd3 dxc4 7.Bxc4 b5 8.Bd3 Bb7
9.O-O a6 10.e4 c5 11.d5 c4 12.Bc2 Qc7 13.dxe6 fxe6 14.Qe2 Bd6 15.Kh1 O-O
16.Ng5 Nc5 17.Be3 h6 18.f4 hxg5 19.e5 Bxe5 20.fxe5 Qxe5 21.Bxc5 Qxc5 22.Qxe6+ Kh8
23.Qh3+  1/2-1/2

[Event "Volgograd"]
[Site "Volgograd"]
[Date "1994.??.??"]
[Round "4"]
[White "Ayapbergenov, A."]
[Black "Volzhin, Alexander"]
[Result "1/2-1/2"]
[WhiteElo "2420"]
[BlackElo "2410"]

1.d4 d5 2.c4 c6 3.Nf3 e6 4.e3 Nf6 5.Nc3 Nbd7 6.Bd3 dxc4 7.Bxc4 b5 8.Bd3 a6
9.e4 c5 10.e5 cxd4 11.Nxb5 Ng4 12.Nd6+ Bxd6 13.exd6 Qa5+ 14.Bd2 Qd5 15.Qa4 Ne5
16.Nxe5 Qxe5+ 17.Kf1 O-O 18.Re1 Qf6 19.Rc1 Rb8 20.Rxc8 Rfxc8 21.Qxd7 Rd8
22.Qc7 Rxb2 23.Qc1 Rdb8 24.f3 e5 25.a3 R2b3 26.Qc7 Rd8 27.Ba5 Qxd6 28.Qc2 Rxa3
29.Bxd8 Qxd8 30.Ke2 g6 31.Qd2 Qh4 32.g3 Qh3 33.Kf2 h5 34.Qe2 Qe6 35.Rc1 Ra2
36.Rc2 Rxc2 37.Qxc2 h4 38.Kg2 hxg3 39.hxg3 a5 40.Qa4 Qd5 41.Bc4 Qd8 42.Qb5 Qe7
43.Qxa5 Kg7 44.Qd5 Kg8 45.Qe4 Qf6 46.f4 exf4 47.Qxf4 Qxf4 48.gxf4 Kg7 49.Kf3 f6
50.Ke4 Kh6 51.Be6 f5+  1/2-1/2

[Event "Volgograd"]
[Site "Volgograd"]
[Date "1994.??.??"]
[Round "4"]
[White "Tolstikh, Nikolay"]
[Black "Savon, Vladimir A"]
[Result "1/2-1/2"]
[WhiteElo "2410"]
[BlackElo "2435"]

1.Nf3 d5 2.d4 Nf6 3.c4 c6 4.e3 e6 5.Nc3 Nbd7 6.Bd3 dxc4 7.Bxc4 b5 8.Be2 b4
9.Na4 Bb7 10.O-O Be7 11.Bd2 a5 12.a3 O-O 13.Qc2 bxa3 14.bxa3 c5 15.dxc5 Rc8
16.Qb2 Be4 17.Rfd1 Nxc5 18.Nxc5 Rxc5  1/2-1/2

[Event "Wattens op"]
[Site "Wattens"]
[Date "1994.??.??"]
[Round "1"]
[White "Spiegel, Wilfried"]
[Black "Feiersinger, Gerhard"]
[Result "1-0"]
[WhiteElo "2210"]
[BlackElo "1690"]

1.d4 Nf6 2.c4 c6 3.Nc3 d5 4.e3 e6 5.Nf3 Bd6 6.Bd3 Nbd7 7.O-O e5 8.cxd5 Nxd5
9.Nxd5 cxd5 10.dxe5 Nxe5 11.Nxe5 Bxe5 12.Bb5+ Ke7 13.Qd3 Qd6 14.f4 Bf6 15.e4 dxe4
16.Qxe4+ Kd8 17.Be3 Kc7 18.Rac1+ Kb8 19.Bc5 Qc7 20.Bxa7+ Rxa7 21.Rxc7 Kxc7
22.Rc1+ Kb8 23.Bc4 Ra4 24.Qc2 Rb4 25.b3 Rd8 26.a3 Rb6 27.Rd1 Bd4+ 28.Kh1 Rf6
29.Qe4 Bf5 30.Qf3 Re8 31.Rxd4 Re1+ 32.Bf1 Bg4 33.Rd8+ Kc7 34.Qc3+ Kxd8 35.Qxe1 Re6
36.Qh4+  1-0

[Event "WchT Silent"]
[Site "?"]
[Date "1994.??.??"]
[Round "2"]
[White "Borg, A."]
[Black "Czech, Ludwig"]
[Result "0-1"]
[WhiteElo "2205"]
[BlackElo "2215"]

1.Nf3 d5 2.d4 Nf6 3.e3 e6 4.c4 c6 5.Nc3 Nbd7 6.c5 b6 7.cxb6 axb6 8.Be2 Bd6
9.O-O O-O 10.Qc2 Bb7 11.e4 dxe4 12.Nxe4 Nxe4 13.Qxe4 Nf6 14.Qc2 Qc7 15.h3 c5
16.Be3 Rfc8 17.dxc5 bxc5 18.Rfc1 Bd5 19.a3 Qb7 20.Re1 Rab8 21.Bc1 c4 22.Qc3 Ne4
23.Qc2 Bc5 24.Rf1 Qb6 25.Ne5 Bxf2+ 26.Kh1 Ng3+ 27.Kh2 Nxf1+ 28.Bxf1 Bd4 29.Nxc4 Bxc4
30.Bxc4 Qc7+  0-1

[Event "Werfen op"]
[Site "Werfen"]
[Date "1994.??.??"]
[Round "?"]
[White "Lempert, Igor"]
[Black "Zontakh, Andrey"]
[Result "1/2-1/2"]
[WhiteElo "2510"]
[BlackElo "2440"]

1.d4 d5 2.c4 c6 3.Nc3 Nf6 4.e3 e6 5.Nf3 Nbd7 6.Qc2 Bd6 7.b3 O-O 8.Be2 e5
9.cxd5 cxd5 10.dxe5 Nxe5 11.Bb2 Nxf3+ 12.Bxf3 d4 13.Ne4 Nxe4 14.Bxe4 Qa5+
15.Ke2 Qh5+ 16.f3 Qb5+ 17.Qd3 Qxd3+ 18.Kxd3 dxe3 19.Kxe3 Re8 20.Rad1 Bc5+
21.Kf4 a5 22.Rhe1 Rf8 23.Rd5 Bb4 24.Red1 Be6 25.Rb5 Rad8 26.Rxd8 Rxd8 27.Rxb7 Bd2+
28.Kg3 Be1+ 29.Kf4 Bd2+ 30.Kg3  1/2-1/2

[Event "Werfen op"]
[Site "Werfen"]
[Date "1994.??.??"]
[Round "?"]
[White "Lempert, Igor"]
[Black "Pinkas, Karol"]
[Result "1-0"]
[WhiteElo "2510"]
[BlackElo "2335"]

1.d4 d5 2.c4 c6 3.Nc3 Nf6 4.e3 e6 5.Nf3 Nbd7 6.Qc2 Bd6 7.b3 O-O 8.Bb2 Re8
9.O-O-O Qa5 10.Kb1 dxc4 11.Bxc4 Nd5 12.e4 Nb4 13.Qd2 b5 14.Be2 Bb7 15.a3 Na6
16.b4 Bxb4 17.axb4 Nxb4 18.Ba1 c5 19.Qb2 c4 20.d5 Nf6 21.g4 e5 22.Nh4 Rab8
23.Nf5 Nd3 24.Bxd3 cxd3 25.f3 b4 26.Na2 Bxd5 27.Rxd3 Bc4 28.Rd2 b3 29.Nc3 Be6
30.Rhd1 Qb4 31.Qc1 Qa5 32.Nd6 Rf8 33.Bb2 Nd7 34.Ba3 Nb6 35.Qb2 Na4 36.Nxa4 Qxa4
37.Nf5 Rfe8 38.Bd6 Rb6 39.Bxe5 f6 40.Bc3 Rc6 41.Qa1 Qc4 42.Nd6 Rxd6 43.Rxd6 Qe2
44.R6d2 Qxf3 45.Qa4 Re7 46.Kb2 h6 47.e5 fxe5 48.Bxe5 Bxg4 49.Qd4 Kh7 50.Rg1 h5
51.Rf2 Qc6 52.h3 Rd7 53.Qf4 Qd5 54.hxg4 Rf7 55.Qxf7 Qxe5+ 56.Kxb3 Qb5+ 57.Kc3 Qc5+
58.Kd3 Qd6+ 59.Ke4 Qb4+ 60.Kf3 hxg4+ 61.Rxg4  1-0

[Event "Werfen op-B"]
[Site "Werfen"]
[Date "1994.??.??"]
[Round "4"]
[White "Krauland, Michael"]
[Black "Scharler, Walter"]
[Result "1-0"]
[WhiteElo "1880"]
[BlackElo "1730"]

1.d4 d5 2.Nf3 e6 3.c4 Nf6 4.Nc3 c6 5.e3 Nbd7 6.cxd5 exd5 7.Bd3 Bd6 8.O-O O-O
9.a3 Re8 10.b4 a6 11.Bb2 Ne4 12.Ne2 Ndf6 13.Ng3 Bg4 14.Be2 Nxg3 15.hxg3 Bxf3
16.gxf3 Qd7 17.Kg2 Re6 18.Rh1 h6 19.Bc3 Qc7 20.Bd2 Bf8 21.Bd3 g5 22.g4 Bg7
23.Rh3 Nd7 24.Rc1 Nf8 25.f4 gxf4 26.exf4 Bxd4 27.f5 Rf6 28.g5  1-0

[Event "Zalakaros op"]
[Site "Zalakaros"]
[Date "1994.??.??"]
[Round "4"]
[White "Banas, Jan"]
[Black "Volkmann, Friedrich"]
[Result "1/2-1/2"]
[WhiteElo "2390"]
[BlackElo "2315"]

1.c4 e6 2.Nc3 d5 3.d4 c6 4.Nf3 Nf6 5.e3 Nbd7 6.Qc2 Bd6 7.Be2 O-O 8.O-O dxc4
9.Bxc4 b5 10.Be2 Bb7 11.Rd1 Qc7 12.Bd2 Rfe8 13.Rac1 Rac8 14.b4 e5 15.h3 Qb8
16.Qb3 exd4 17.exd4 Nb6 18.Bd3 Nbd5 19.Nxd5 Nxd5 20.Ng5 g6 21.Ne4 Bh2+ 22.Kh1 Bf4
23.Qc2 Re7 24.Nc5 Rce8 25.Nxb7 Bxd2 26.Qxd2 Qxb7  1/2-1/2

[Event "Zalakaros op"]
[Site "Zalakaros"]
[Date "1994.??.??"]
[Round "7"]
[White "Lenkey, Pal"]
[Black "Benesch, Heribert"]
[Result "1-0"]
[WhiteElo "2045"]
[BlackElo "2070"]

1.d4 d5 2.c4 c6 3.Nc3 Nf6 4.e3 e6 5.Nf3 Nbd7 6.Bd2 Bd6 7.c5 Bc7 8.b4 e5 9.dxe5 Nxe5
10.Nd4 a6 11.Be2 O-O 12.O-O Bg4 13.f3 Bd7 14.Be1 Ng6 15.Rc1 Re8 16.Bf2 Qe7
17.Qd2 Rad8 18.Rce1 Bc8 19.Bd3 Ne5 20.Bb1 Ng6 21.a3 Qe5 22.Bg3 Qe7 23.Nce2 Be5
24.Bxe5 Nxe5 25.Ng3 g6 26.Qc3 Qf8 27.e4 dxe4 28.Nxe4 Nxe4 29.Rxe4 Nd7 30.Ne2 Qg7
31.Qxg7+ Kxg7 32.Nc3 Nf6 33.Rxe8 Rxe8 34.Kf2 Rd8 35.Re1 Be6 36.Be4 Rd2+ 37.Re2 Rxe2+
38.Kxe2 Kf8 39.Ke3 Nd7 40.f4 Bc4 41.g4 Nf6 42.g5 Nd7 43.f5 a5 44.Kd4 Bf1
45.h4 axb4 46.axb4 Ke7 47.f6+ Ke8 48.Bf3 Ba6 49.Ne4 b6 50.Nd6+ Kf8 51.Bxc6 bxc5+
52.bxc5  1-0

[Event "Ibercaja op"]
[Site "Zaragoza"]
[Date "1994.??.??"]
[Round "5"]
[White "Nedobora, Mikhail"]
[Black "Ruiz, J."]
[Result "1-0"]
[WhiteElo "2460"]
[BlackElo "2250"]

1.c4 c6 2.d4 d5 3.Nc3 e6 4.e3 Nf6 5.Nf3 Nbd7 6.Bd3 dxc4 7.Bxc4 b5 8.Bd3 Bb7
9.e4 b4 10.Na4 c5 11.e5 Nd5 12.dxc5 Rc8 13.O-O Nxc5 14.Nxc5 Bxc5 15.Ng5 Be7
16.Nxh7 Bc6 17.Qg4 g6 18.Ng5 Bxg5 19.Bxg5 Qc7 20.Rfe1 Qd7 21.Be4 a6 22.Bxd5 Bxd5
23.Qxb4 Qb7 24.Qa4+ Qc6 25.Qa3 Qb7 26.Rac1 Rb8 27.Qd6  1-0

[Event "Ibercaja op"]
[Site "Zaragoza"]
[Date "1994.??.??"]
[Round "5"]
[White "Eslon, Jaan"]
[Black "Kharlov, Andrei"]
[Result "1/2-1/2"]
[WhiteElo "2425"]
[BlackElo "2535"]

1.d4 d5 2.c4 e6 3.Nc3 c6 4.e3 Nf6 5.Nf3 Nbd7 6.Qc2 Bd6 7.Bd2 O-O 8.h3 Re8
9.O-O-O e5 10.cxd5 cxd5 11.Nb5 Bb8 12.dxe5 Nxe5 13.Bc3 a6 14.Nbd4 Ne4 15.Kb1 Qf6
16.Rc1 Bd7 17.Bb4 Ba7 18.Nxe5 Qxe5 19.Nf3 Qf6 20.Bd3 Qb6 21.Bc3 Rac8 22.Bxe4 dxe4
23.Nd4 Qg6 24.Qd2 Red8 25.g4 f6 26.Ba5 b6 27.Rxc8 Rxc8 28.Bc3 Qf7 29.Nf5 Bb8
30.Qd4 Be6 31.Qa4 Bc4 32.Rd1 Bd3+ 33.Ka1 h6 34.f4 Kh7 35.Qb4 b5 36.Qe7 Qxe7
37.Nxe7 Rc5 38.Nf5 b4 39.Bd4 g6 40.b3 Rc7 41.Nd6 Rd7 42.Ne8 Rxd4 43.exd4 Ba7
44.Rxd3 exd3 45.Nxf6+ Kg7 46.Ne4 Bxd4+ 47.Kb1 Be3 48.f5 gxf5 49.gxf5 Kf7
50.Kb2 Ke7 51.Kb1 Kd7 52.Nf6+ Kd6 53.Ng4 Bg5 54.Nf2 d2 55.Kc2 a5 56.Ne4+ Ke5
57.Nxg5 hxg5 58.Kxd2 Kxf5 59.Ke3 Ke5 60.Kf3 Kf5  1/2-1/2

[Event "Ibercaja op"]
[Site "Zaragoza"]
[Date "1994.??.??"]
[Round "7"]
[White "Nedobora, Mikhail"]
[Black "Kharlov, Andrei"]
[Result "0-1"]
[WhiteElo "2460"]
[BlackElo "2535"]

1.d4 d5 2.c4 e6 3.Nf3 Nf6 4.Nc3 c6 5.e3 Nbd7 6.Qc2 Bd6 7.Be2 O-O 8.O-O Re8
9.Rd1 Qe7 10.a3 h6 11.Bd2 a6 12.Be1 dxc4 13.Bxc4 b5 14.Ba2 c5 15.dxc5 Bxc5
16.Ne4 Nxe4 17.Qxe4 Rb8 18.Rac1 Bb7 19.Qf4 Nf6 20.Ne5 Rbd8 21.Bb4 Rxd1+ 22.Rxd1 Rd8
23.Rd3 Rc8 24.Bxc5 Rxc5 25.Qd4 Bd5 26.Bxd5 Rxd5 27.Qb6 Nd7 28.Qa7 Qc5 29.Qxc5 Rxc5
30.f4 Nxe5 31.fxe5 Rc1+ 32.Kf2 Rc2+ 33.Kf3 Rxb2 34.Rd6 a5 35.Rb6 Rb3 36.h3 Kh7
37.g4 Kg6 38.Rb7 f6 39.exf6 Kxf6 40.h4 g6 41.Rb8 Ke5 42.Rg8 Kf6 43.Rb8 h5
44.g5+ Ke5 45.Rb6 Kd5 46.Kf4 b4 47.Rb5+ Kc4 48.Rxa5 Rxa3 49.Re5 Ra6  0-1

[Event "Zuerich op"]
[Site "Zuerich"]
[Date "1994.??.??"]
[Round "?"]
[White "Kelecevic, Nedeljko"]
[Black "Pavasovic, Dusko"]
[Result "1-0"]
[WhiteElo "2460"]
[BlackElo "2425"]

1.d4 d5 2.Nf3 c6 3.e3 e6 4.c4 Nf6 5.Nc3 Nbd7 6.Qc2 Bd6 7.Be2 O-O 8.O-O Qc7
9.e4 dxe4 10.Nxe4 Nxe4 11.Qxe4 c5 12.Bd3 g6 13.Bh6 Re8 14.Rad1 cxd4 15.Qxd4 Ne5
16.Kh1 f6 17.Bf4 Nxf3 18.Qxd6 Qxd6 19.Bxd6 Ng5 20.f4 Nf7 21.Be4 Nxd6 22.Rxd6 Kf7
23.Rfd1 Rb8 24.c5 Ke7 25.Kg1 Rg8 26.b4 h6 27.Re1 Kf7 28.Bf3 f5 29.Kf2 Re8
30.a4 Ke7 31.Red1 Rf8 32.b5 g5 33.g3 Rg8 34.c6 bxc6 35.Rxc6 Kf6 36.Rc7 a6
37.Bh5 Rg7 38.Rxg7 Kxg7 39.Rd8 axb5 40.axb5 Kf6 41.Bf3 Ke7 42.Rh8 g4 43.Bc6 Kd6
44.Ke3 e5 45.fxe5+ Kxe5 46.Bd7 Rb7 47.Bxc8 Rxb5 48.Ba6 Rb6 49.Bd3  1-0

[Event "Zuerich op2"]
[Site "Zuerich"]
[Date "1994.??.??"]
[Round "5"]
[White "Klauser, Markus"]
[Black "Mann, Gerald"]
[Result "1-0"]
[WhiteElo "2345"]
[BlackElo "2195"]

1.d4 d5 2.c4 c6 3.Nf3 Nf6 4.Nc3 e6 5.e3 Nbd7 6.Qc2 Bd6 7.Be2 O-O 8.O-O dxc4
9.Bxc4 Qe7 10.h3 a6 11.Ne4 Nxe4 12.Qxe4 e5 13.dxe5 Nxe5 14.Nxe5 Qxe5 15.Qxe5 Bxe5
16.Rd1 Bf5 17.e4 Be6 18.Bxe6 fxe6 19.Be3 Rfd8 20.Rab1 h6 21.b3 Bc7 22.h4 Kf7
23.h5 Rxd1+ 24.Rxd1 Rd8 25.Rxd8 Bxd8 26.f4 Ba5 27.Kf2 Bb4 28.Bb6 c5 29.Ke3 Ke7
30.g4 Kd7 31.g5 hxg5 32.fxg5 Kc6 33.g6 Bc3 34.Ba5 Be5 35.Kf3 Kd7 36.Bb6 Kc6
37.Ba7 Bf6 38.Kg4 b5 39.Bb8 Bb2 40.h6  1-0

[Event "London SCCU op"]
[Site "London"]
[Date "1995.08.??"]
[Round "7"]
[White "Zymberi, Astrit"]
[Black "Ali, Mehemet"]
[Result "1-0"]
[WhiteElo "2032"]
[BlackElo "1959"]

1.d4 d5 2.Nf3 Nf6 3.c4 e6 4.Nc3 c6 5.e3 Nbd7 6.Qc2 Bd6 7.Be2 O-O 8.O-O b6
9.e4 dxe4 10.Nxe4 Nxe4 11.Qxe4 Bb7 12.Bd3 Nf6 13.Qh4 Re8 14.Be3 c5 15.Rad1 Bxf3
16.gxf3 cxd4 17.Bxd4 e5 18.Be3 e4 19.Bxe4 Nxe4 20.Qxd8 Raxd8 21.fxe4 Rxe4
22.c5 bxc5 23.Bxc5 Re6 24.Rd4 Rh6 25.h4 Be7 26.Rxd8+ Bxd8 27.Re1 Re6 28.Rxe6 fxe6
29.Bxa7 Bxh4 30.b4 Kf7 31.b5 Ke7 32.b6 Kd7  1-0